000 00497nam a2200181Ia 4500
003 OSt
005 20231215161108.0
008 210210b1913 xxu||||| |||| 00| 0 eng d
040 _cAL
041 _aKannada
082 _a851/500
100 _aSUBRAMANYA KAVI ಸುಬ್ರಮಣ್ಯ ಕವಿ
_963811
245 _aHanumadramayanam
_bಹನುಮದ್ದ್ರಾಮಾಯಣಂ
260 _aUdupi
_b-
_c1913
690 _aKannada Poetry
_963812
906 _a018517
942 _2ddc
_cBK
999 _c142010
_d142010